000 00400nam a2200157Ia 4500
008 230917s9999||||xx |||||||||||||| ||und||
040 _e81117
_aMAIN
041 _aEnglish
082 _a346.03 S35L
100 _aSalmond
245 0 _aSalmond and Heuston on the law of torts
250 _a19th ed.
260 _aLondon
_bEnglish Language Book Society
_c1987
300 _acix, 705 p.
942 _cBK
999 _c59454
_d59454